[Event "39th Olympiad Women"]
[Site "Khanty-Mansiysk RUS"]
[Date "2010.09.23"]
[Round "3"]
[White "Richards, Deborah"]
[Black "Soondarsingh, Aditi"]
[Result "1-0"]
[WhiteTitle "WFM"]
[WhiteElo "2003"]
[BlackElo "1829"]
[Board "48.1"]
[WhiteTeam "JAM"]
[BlackTeam "TRI"]
[WhiteFideId "7400446"]
[BlackFideId "7700598"]
[EventDate "2010.09.21"]
[EventType "team"]

1. c4 c5 2. Nf3 Nc6 3. d4 cxd4 4. Nxd4 g6 5. e4 Bg7 6. Be3 Nf6 7. Nc3 d6 8. Be2
O-O 9. O-O Bd7 10. Rc1 Rc8 11. f3 a6 12. Qd2 Ne5 13. Nd5 Nxd5 14. cxd5 Re8 15.
h3 Rxc1 16. Rxc1 Bc8 17. b4 Nd7 18. Qc3 h5 19. Qc7 Qxc7 20. Rxc7 Nf6 21. Nb3 b5
22. Na5 Kf8 23. g4 hxg4 24. hxg4 Nd7 25. Nc6 Ne5 26. Na7 Bd7 27. Kf2 Rd8 28. Kg3
f5 29. gxf5 gxf5 30. f4 Ng6 31. Bb6 Ke8 32. Bh5 Kf7 33. Rb7 Bc8 34. Nxc8 Rxc8
35. exf5 Rc3+ 36. Kg4 Ra3 37. fxg6+ Ke8 38. Rb8+ Kd7 39. Rd8# 1-0

[Event "39th Olympiad Women"]
[Site "Khanty-Mansiysk RUS"]
[Date "2010.09.23"]
[Round "3"]
[White "Mencos, Claudia"]
[Black "Emhemed, Inas"]
[Result "1-0"]
[BlackTitle "WCM"]
[WhiteElo "1912"]
[BlackElo "1493"]
[Board "49.2"]
[WhiteTeam "GUA"]
[BlackTeam "LBA"]
[WhiteFideId "7300573"]
[BlackFideId "9200789"]
[EventDate "2010.09.21"]
[EventType "team"]

1. e4 e5 2. Nf3 Nc6 3. Nc3 Bc5 4. Nxe5 Nxe5 5. d4 Bd6 6. dxe5 Bxe5 7. Bc4 Nf6 8.
O-O O-O 9. Qd3 h6 10. f4 Bxc3 11. bxc3 d6 12. e5 Ne8 13. Ba3 Be6 14. Rad1 Bxc4
15. Qxc4 Qd7 16. Qe4 Rb8 17. Rd3 f6 18. e6 Qc6 19. Qg6 Qb6+ 20. Kh1 c5 21. f5
Rc8 22. Rh3 Qa6 23. Re1 Kh8 24. Bc1 Rc7 25. Bxh6 1-0

[Event "39th Olympiad Women"]
[Site "Khanty-Mansiysk RUS"]
[Date "2010.09.23"]
[Round "3"]
[White "Abdulgader, Amira"]
[Black "Figueroa, Julissa"]
[Result "0-1"]
[WhiteElo "1509"]
[BlackElo "1792"]
[Board "49.3"]
[WhiteTeam "LBA"]
[BlackTeam "GUA"]
[WhiteFideId "9200746"]
[BlackFideId "7300450"]
[EventDate "2010.09.21"]
[EventType "team"]

1. d4 d5 2. Nf3 Nf6 3. Bf4 e6 4. e3 Be7 5. Bd3 O-O 6. O-O b6 7. Nbd2 Ba6 8. Bxa6
Nxa6 9. a3 c5 10. c3 Nh5 11. Bg3 Nxg3 12. hxg3 Rc8 13. Qe2 Nc7 14. e4 cxd4 15.
Nxd4 dxe4 16. Nxe4 Nd5 17. Rad1 Qc7 18. Nb5 Qb8 19. Kh2 Rfd8 20. Nd4 Nf6 21. Qf3
Nxe4 22. Qxe4 Qa8 23. Qxa8 Rxa8 24. Nc6 Re8 25. Rd7 Kf8 26. Rxa7 Rxa7 27. Nxa7
Rd8 28. Kg1 Rd2 29. b4 Rc2 30. Nb5 Bf6 31. Rd1 Bxc3 32. Rd6 Be1 33. f3 Bxg3 34.
Rd1 Ke7 35. Kf1 Rf2+ 36. Kg1 Ra2 37. Kf1 h5 38. Na7 Rxa3 39. Nc8+ Kf6 40. Nxb6
Rb3 41. Rd4 Rb1+ 42. Ke2 Re1+ 43. Kd2 Rg1 44. Nd7+ Kf5 45. Kc3 Rxg2 46. Kc4 h4
47. Rg4 g5 48. b5 h3 49. Nc5 Bf4 50. Nd3 Rxg4 51. fxg4+ Kxg4 52. Nf2+ Kg3 53.
Nxh3 Kxh3 54. Kd3 0-1

[Event "39th Olympiad Women"]
[Site "Khanty-Mansiysk RUS"]
[Date "2010.09.23"]
[Round "3"]
[White "Duron Godoy, Sari Esther"]
[Black "Matoussi, Amina"]
[Result "0-1"]
[WhiteTitle "WCM"]
[WhiteElo "1905"]
[BlackElo "1772"]
[Board "51.1"]
[WhiteTeam "HON"]
[BlackTeam "TUN"]
[WhiteFideId "8400121"]
[BlackFideId "5501164"]
[EventDate "2010.09.21"]
[EventType "team"]

1. e4 d6 2. Nf3 Nf6 3. Nc3 g6 4. Bc4 Bg7 5. d4 O-O 6. Qe2 Nbd7 7. Bg5 e5 8. dxe5
Nxe5 9. Nxe5 dxe5 10. O-O c6 11. Kh1 b5 12. Bd3 h6 13. Be3 Qe7 14. Qd2 Ng4 15.
h3 Nxe3 16. Qxe3 Be6 17. a3 f5 18. f4 exf4 19. Qxf4 g5 20. Qf3 f4 21. Rfe1 Be5
22. Be2 Rad8 23. Rad1 Qc5 24. Rxd8 Rxd8 25. Rd1 Rxd1+ 26. Bxd1 Bxc3 27. Qxc3
Qxc3 28. bxc3 Kf7 29. Kg1 Kf6 30. Kf2 Ke5 31. Bf3 c5 32. Ke2 c4 33. Bh5 Kxe4 34.
Be8 a6 35. Bc6+ Bd5 36. Bd7 Bb7 37. Bg4 Ke5 38. Bf3 Bxf3+ 39. gxf3 h5 40. Kf2
Kf5 41. Kf1 g4 0-1

[Event "39th Olympiad Women"]
[Site "Khanty-Mansiysk RUS"]
[Date "2010.09.23"]
[Round "3"]
[White "Lim, Hakyung"]
[Black "Amadasun, Rosemary"]
[Result "1/2-1/2"]
[WhiteElo "1579"]
[BlackElo "1900"]
[Board "52.4"]
[WhiteTeam "KOR"]
[BlackTeam "NGR"]
[WhiteFideId "13200615"]
[BlackFideId "8500983"]
[EventDate "2010.09.21"]
[EventType "team"]

1. d4 d5 2. c4 e6 3. Nc3 Nf6 4. cxd5 exd5 5. Bg5 Be7 6. e3 c6 7. Bd3 h6 8. Bh4
O-O 9. Qc2 Re8 10. Nf3 Nbd7 11. O-O Ne4 12. Bxe7 Qxe7 13. Rab1 Ndf6 14. b4 a6
15. a4 Nxc3 16. Qxc3 Ne4 17. Qc2 Bd7 18. b5 axb5 19. axb5 Ra3 20. bxc6 Bxc6 21.
Bb5 Rc3 22. Qb2 Ra8 23. Bxc6 bxc6 24. Rfc1 Raa3 25. Rxc3 Rxc3 26. Rc1 Rxc1+ 27.
Qxc1 c5 28. dxc5 Qxc5 29. Qxc5 Nxc5 30. Kf1 Kf8 31. Ke2 Ke7 32. Nd4 g6 33. f4 f5
34. Nc6+ Kf6 35. Nb4 Ke6 36. Nd3 Ne4 37. Ne5 g5 38. Nf3 g4 39. Nd2 Nc5 40. h3 h5
41. Nf1 h4 42. Nh2 gxh3 43. gxh3 Kf6 44. Nf3 Ne6 45. Kd3 Nc5+ 46. Ke2 Ne6 47.
Nxh4 d4 48. Kd3 dxe3 49. Kxe3 Nc5 50. Kf2 Ne4+ 51. Kf3 Nd2+ 52. Kg3 Ne4+ 53. Kg2
Nd6 54. Nf3 Kg6 55. Kg3 Kh5 56. Nd4 Ne4+ 57. Kf3 Nd6 58. Kg2 Kh4 59. Nf3+ Kh5
60. Ng5 Kh4 61. Kf3 Nc4 62. Kf2 Nd6 63. Kf3 1/2-1/2

[Event "39th Olympiad Women"]
[Site "Khanty-Mansiysk RUS"]
[Date "2010.09.23"]
[Round "3"]
[White "Gonzalez, Yaribeth"]
[Black "Al-Zarouni, Kholoud Essa"]
[Result "1-0"]
[BlackTitle "WFM"]
[WhiteElo "1906"]
[BlackElo "1890"]
[Board "57.2"]
[WhiteTeam "PAN"]
[BlackTeam "UAE"]
[WhiteFideId "6600344"]
[BlackFideId "9301194"]
[EventDate "2010.09.21"]
[EventType "team"]

1. e4 e5 2. Bc4 Nf6 3. Nc3 Bc5 4. Nf3 d6 5. O-O O-O 6. d3 h6 7. h3 Nc6 8. Na4
Bb6 9. Nxb6 axb6 10. a3 Qe7 11. Re1 Be6 12. Bxe6 Qxe6 13. b3 b5 14. Bb2 Ne7 15.
Qe2 Ng6 16. d4 c6 17. Rad1 Nf4 18. Qe3 N6h5 19. dxe5 Qg6 20. Nh4 Qg5 21. g3
Nxh3+ 22. Kf1 Qxe3 23. Rxe3 dxe5 24. Rd7 Ng5 25. Rxb7 Rfd8 26. Ke2 Nf6 27. f3
Nd7 28. Rd3 Nc5 29. Rxd8+ Rxd8 30. Rc7 Nce6 31. Rxc6 Nh3 32. Bxe5 Neg5 33. Rd6
Rc8 34. Rd2 Re8 35. Bd4 Ne6 36. Nf5 Nhg5 37. Nd6 Rb8 38. Ba7 Rd8 39. f4 Rd7 40.
fxg5 Rxa7 41. gxh6 gxh6 42. Nxb5 Re7 43. Nd6 Ng5 44. Rd4 Re6 45. g4 Nh3 46. Nf5
Kh7 47. Ke3 Kg6 48. Rd6 Kg5 49. Rxe6 fxe6 50. Nd4 Kxg4 51. Nxe6 h5 52. a4 h4 53.
a5 Ng5 54. Nxg5 Kxg5 55. Kf3 1-0

[Event "39th Olympiad Women"]
[Site "Khanty-Mansiysk RUS"]
[Date "2010.09.24"]
[Round "4"]
[White "Zhukova, Natalia"]
[Black "Linares Napoles, Oleiny"]
[Result "1-0"]
[WhiteTitle "GM"]
[BlackTitle "WIM"]
[WhiteElo "2499"]
[BlackElo "2328"]
[Board "1.2"]
[WhiteTeam "UKR"]
[BlackTeam "CUB"]
[WhiteFideId "14101513"]
[BlackFideId "3504794"]
[EventDate "2010.09.21"]
[EventType "team"]

1. d4 Nf6 2. c4 g6 3. Nc3 Bg7 4. e4 d6 5. Nf3 O-O 6. h3 Na6 7. Bg5 e5 8. d5 h6
9. Be3 Nc5 10. Nd2 a5 11. g4 c6 12. Be2 Bd7 13. h4 a4 14. g5 hxg5 15. hxg5 Nh7
16. Rg1 Qa5 17. a3 cxd5 18. cxd5 b5 19. Rg3 Rfb8 20. Rc1 Be8 21. Kf1 b4 22. Na2
bxa3 23. bxa3 Nb3 24. Nc4 Qd8 25. Rb1 Nc5 26. Rxb8 Rxb8 27. Qc2 Nb3 28. Nb4 Nf8
29. Qd1 Rc8 30. Kg2 Qe7 31. Nb6 Rc7 32. Bc4 Na5 33. Ba2 Rb7 34. Nxa4 Qc7 35. Nb2
Bb5 36. Bd2 Ra7 37. Rc3 Qd7 38. a4 Ba6 39. Qf3 Ra8 40. Qh3 Qb7 41. Rc2 Qb6 42.
Qf3 Bc8 43. Nd1 Rb8 44. Ne3 Qa7 45. Ng4 Bxg4 46. Qxg4 Nd7 47. Nc6 Nxc6 48. dxc6
Nc5 49. a5 Rd8 50. Bd5 Qc7 51. Rb2 Qa7 52. Qf3 Rf8 53. Rb7 Nxb7 54. cxb7 Kh7 55.
Qh3+ Kg8 56. Qd7 Kh7 57. Bxf7 1-0

[Event "39th Olympiad Women"]
[Site "Khanty-Mansiysk RUS"]
[Date "2010.09.24"]
[Round "4"]
[White "Muzychuk, Mariya"]
[Black "Arribas Robaina, Maritza"]
[Result "1-0"]
[WhiteTitle "IM"]
[BlackTitle "WGM"]
[WhiteElo "2464"]
[BlackElo "2282"]
[Board "1.4"]
[WhiteTeam "UKR"]
[BlackTeam "CUB"]
[WhiteFideId "14114550"]
[BlackFideId "3501418"]
[EventDate "2010.09.21"]
[EventType "team"]

1. d4 d5 2. c4 c6 3. Nc3 Nf6 4. Nf3 a6 5. c5 g6 6. Bf4 Bg7 7. h3 O-O 8. e3 Nbd7
9. Qc2 b6 10. cxb6 Qxb6 11. Nd2 Bb7 12. Na4 Qa7 13. Nb3 Rfe8 14. Be2 e5 15. dxe5
Nxe5 16. O-O Ne4 17. Rac1 Rac8 18. Nbc5 Nxc5 19. Qxc5 Qb8 20. Qa5 Qa7 21. Nc5
Rb8 22. b3 Bc8 23. Rfd1 Bf8 24. Nd3 Rb5 25. Qa4 Nxd3 26. Bxd3 Rc5 27. e4 Rxc1
28. Rxc1 Bc5 29. Qxc6 Bxf2+ 30. Kh1 Bd7 31. Qxd5 Be6 32. Qd6 Be3 33. Rc7 Bxf4
34. Qxf4 Qb6 35. Bc4 Bxc4 36. bxc4 Qe6 37. a3 Rd8 38. e5 Rd1+ 39. Kh2 Re1 40.
Rc5 Qb6 41. Qd4 Qe6 42. Rd5 h5 43. a4 Kh7 44. Qf4 Kg7 45. a5 Qe7 46. Qd4 Kh7 47.
Rc5 Qe6 48. Qf4 Kg7 49. Rd5 Qe7 50. Qd2 Re4 51. Qd3 Rf4 52. Qc3 Kh7 53. c5 Qe6
54. Rd6 Rc4 55. Qe3 Qc8 56. Qf3 Qe8 57. Qd5 Rf4 58. c6 Rf5 59. c7 Rxe5 60. Qd4
Re2 61. Rd8 Rxg2+ 62. Kxg2 Qe2+ 63. Kg3 Qe1+ 64. Kf4 Qh4+ 65. Ke5 f6+ 66. Kd5
Qg5+ 67. Kc6 Qb5+ 68. Kd6 1-0

[Event "39th Olympiad Women"]
[Site "Khanty-Mansiysk RUS"]
[Date "2010.09.24"]
[Round "4"]
[White "Dzagnidze, Nana"]
[Black "Kosintseva, Tatiana"]
[Result "1/2-1/2"]
[WhiteTitle "GM"]
[BlackTitle "GM"]
[WhiteElo "2534"]
[BlackElo "2573"]
[Board "2.1"]
[WhiteTeam "GEO"]
[BlackTeam "RUS1"]
[WhiteFideId "13601903"]
[BlackFideId "4133471"]
[EventDate "2010.09.21"]
[EventType "team"]

1. d4 Nf6 2. c4 e6 3. g3 d5 4. Bg2 Bb4+ 5. Bd2 Be7 6. Nf3 O-O 7. Qc2 c6 8. O-O
b6 9. Rd1 Ba6 10. Ne5 Nfd7 11. cxd5 cxd5 12. Bf4 Nxe5 13. Bxe5 Bb7 14. Bxb8 Rxb8
15. Nc3 Qd7 16. Rac1 Rbc8 17. e3 g6 18. Bf1 Bd6 19. Qb1 Kg7 20. Nb5 Bb8 21. Rxc8
Rxc8 22. Rc1 Rxc1 23. Qxc1 Qc6 24. Qxc6 Bxc6 25. Bd3 1/2-1/2

[Event "39th Olympiad Women"]
[Site "Khanty-Mansiysk RUS"]
[Date "2010.09.24"]
[Round "4"]
[White "Kosintseva, Nadezhda"]
[Black "Javakhishvili, Lela"]
[Result "1/2-1/2"]
[WhiteTitle "IM"]
[BlackTitle "IM"]
[WhiteElo "2565"]
[BlackElo "2451"]
[Board "2.2"]
[WhiteTeam "RUS1"]
[BlackTeam "GEO"]
[WhiteFideId "4134974"]
[BlackFideId "13601458"]
[EventDate "2010.09.21"]
[EventType "team"]

1. e4 c5 2. Nf3 e6 3. d4 cxd4 4. Nxd4 a6 5. Bd3 g6 6. Be3 Bg7 7. Qd2 Nc6 8. Nxc6
bxc6 9. c4 d5 10. cxd5 cxd5 11. exd5 exd5 12. O-O Ne7 13. Bh6 O-O 14. Bxg7 Kxg7
15. Nc3 Qd6 16. Rad1 Rb8 17. Rfe1 Rd8 18. b3 Bb7 19. Be4 Qf6 20. Bf3 Rbc8 21.
Ne2 Nc6 22. h3 Ne5 23. Nd4 Nc6 24. Nxc6 Rxc6 25. Qb4 Rb6 26. Qe7 Qd6 27. Rd4 Rd7
28. Qe3 Qf6 29. Rf4 Re6 30. Rxf6 Rxe3 31. Rxf7+ Kxf7 32. fxe3 Rc7 33. Kf2 Ke6
34. Re2 Ke5 35. Rd2 Rc1 36. Be2 Bc8 37. Bd3 Ra1 38. b4 Kd6 39. Bc4 Bb7 40. e4 d4
41. Rxd4+ Ke5 42. Rd2 Rb1 43. a3 Bxe4 44. Bxa6 Ra1 45. Bc4 Rxa3 46. b5 Ra4 47.
Be2 Rb4 48. h4 h5 49. g3 Rb3 50. Ra2 Bf5 51. Ra5 Kd4 52. Ra4+ Ke5 53. Ra2 Be4
54. Ra5 Kd4 55. Ra4+ Ke5 56. Ra7 Rb2 57. Re7+ Kd4 58. Rd7+ Ke5 59. Rd8 Bd5 60.
Re8+ Kd4 61. Rf8 Ke5 62. Rf4 Be4 63. Ke3 1/2-1/2

[Event "39th Olympiad Women"]
[Site "Khanty-Mansiysk RUS"]
[Date "2010.09.24"]
[Round "4"]
[White "Galliamova, Alisa"]
[Black "Khotenashvili, Bela"]
[Result "1-0"]
[WhiteTitle "IM"]
[BlackTitle "IM"]
[WhiteElo "2482"]
[BlackElo "2464"]
[Board "2.4"]
[WhiteTeam "RUS1"]
[BlackTeam "GEO"]
[WhiteFideId "4129725"]
[BlackFideId "13602640"]
[EventDate "2010.09.21"]
[EventType "team"]

1. c4 e5 2. Nc3 Nc6 3. Nf3 g6 4. d4 exd4 5. Nxd4 Bg7 6. Nxc6 bxc6 7. e4 d6 8.
Bd3 Ne7 9. O-O O-O 10. Bg5 Rb8 11. Qd2 Qd7 12. Rae1 f6 13. Be3 c5 14. b3 Nc6 15.
f4 f5 16. Bb1 Qf7 17. Kh1 Nd4 18. Bxd4 Bxd4 19. Nb5 Bg7 20. Nxa7 Bd7 21. Nb5
Bxb5 22. cxb5 Kh8 23. exf5 gxf5 24. Bd3 Bd4 25. Re2 Rbe8 26. Rfe1 Rxe2 27. Qxe2
Bc3 28. Rd1 Bd4 29. Re1 Bc3 30. Rb1 Bd4 31. a4 Re8 32. Qc2 Qe6 33. Rf1 Qe1 34.
Qc1 Qb4 35. Qb1 Re3 36. Bc4 Re4 37. Bd5 Bf6 38. Bxe4 fxe4 39. Qe1 Qxb3 40. Qxe4
Kg7 41. Qc6 Qc4 42. Qxc7+ Kg6 43. f5+ Kh6 44. Rd1 Be5 45. f6 Kg6 46. Qg7+ Kf5
47. Qxh7+ Kxf6 48. b6 d5 49. Qh8+ Kf5 50. Qh5+ Kf6 51. b7 Qf4 52. Qf3 Ke6 53.
Qxd5+ 1-0

[Event "39th Olympiad Women"]
[Site "Khanty-Mansiysk RUS"]
[Date "2010.09.24"]
[Round "4"]
[White "Vajda, Szidonia"]
[Black "Abrahamyan, Tatev"]
[Result "1-0"]
[WhiteTitle "IM"]
[BlackTitle "WFM"]
[WhiteElo "2342"]
[BlackElo "2352"]
[Board "3.3"]
[WhiteTeam "HUN"]
[BlackTeam "USA"]
[WhiteFideId "723894"]
[BlackFideId "13301918"]
[EventDate "2010.09.21"]
[EventType "team"]

1. e4 e6 2. d4 d5 3. exd5 exd5 4. Nf3 Bg4 5. h3 Qe7+ 6. Be3 Bxf3 7. Qxf3 Qb4+ 8.
Nd2 Qxb2 9. Rb1 Qxc2 10. Qxd5 c6 11. Qe5+ Ne7 12. Qc7 Nd7 13. Bc4 Nb6 14. Qxb7
Rd8 15. Bb3 Qd3 16. Rc1 g6 17. Rxc6 Bg7 18. Rc7 Bf6 19. Ne4 Bh4 20. Rxe7+ Bxe7
21. Nf6+ 1-0

[Event "39th Olympiad Women"]
[Site "Khanty-Mansiysk RUS"]
[Date "2010.09.24"]
[Round "4"]
[White "Foisor, Sabina-Francesca"]
[Black "Rudolf, Anna"]
[Result "1-0"]
[WhiteTitle "WGM"]
[BlackTitle "WGM"]
[WhiteElo "2293"]
[BlackElo "2366"]
[Board "3.4"]
[WhiteTeam "USA"]
[BlackTeam "HUN"]
[WhiteFideId "1212915"]
[BlackFideId "722855"]
[EventDate "2010.09.21"]
[EventType "team"]

1. d4 e6 2. c4 Nf6 3. Nc3 Bb4 4. e3 b6 5. Bd3 Bb7 6. f3 d5 7. Ne2 O-O 8. O-O
dxc4 9. Bxc4 Nbd7 10. a3 Bd6 11. Bd2 a6 12. Be1 c5 13. Ba2 b5 14. Bf2 Qc7 15.
Ng3 cxd4 16. exd4 Nb6 17. Rc1 Bf4 18. Rc2 Rac8 19. Bb1 Nc4 20. Nce2 Qb8 21. Nxf4
Qxf4 22. Qd3 Rfd8 23. Re2 Kf8 24. Ne4 Bxe4 25. fxe4 e5 26. d5 Qg4 27. h3 Qg6 28.
Bh4 Rd6 29. Ref2 Qh6 30. Bg3 Qg5 31. Ba2 Qg6 32. Bxc4 bxc4 33. Qe3 Nxe4 34.
Rxf7+ Kg8 35. Bxe5 Nf6 36. R7xf6 Rxf6 37. Bxf6 Re8 38. Be7 1-0

[Event "39th Olympiad Women"]
[Site "Khanty-Mansiysk RUS"]
[Date "2010.09.24"]
[Round "4"]
[White "Tania, Sachdev"]
[Black "Voiska, Margarita"]
[Result "1/2-1/2"]
[WhiteTitle "IM"]
[BlackTitle "WGM"]
[WhiteElo "2382"]
[BlackElo "2314"]
[Board "4.2"]
[WhiteTeam "IND"]
[BlackTeam "BUL"]
[WhiteFideId "5007844"]
[BlackFideId "2900602"]
[EventDate "2010.09.21"]
[EventType "team"]

1. d4 d6 2. c4 e5 3. Nf3 e4 4. Ng5 f5 5. Nh3 Be7 6. e3 Nf6 7. Be2 O-O 8. Nc3 c5
9. O-O Nc6 10. b3 Ne8 11. dxc5 dxc5 12. Bb2 Be6 13. f3 Bf6 14. Nf4 Bf7 15. fxe4
fxe4 16. Qc2 Nb4 17. Qc1 Qe7 18. a3 Nd3 19. Nxd3 exd3 20. Bxd3 Nd6 21. Kh1 Be5
22. Na4 Bxb2 23. Nxb2 Ne4 24. Bxe4 Qxe4 25. Na4 Bg6 26. Nxc5 Rxf1+ 27. Qxf1 Qxe3
28. Qg1 Qc3 29. Qd1 Re8 30. Rc1 Qb2 31. Na4 Qxa3 32. Ra1 Qb4 33. h3 Be4 34. Ra2
Bc6 35. Re2 Rxe2 36. Qxe2 Bxa4 37. Qe6+ Kf8 38. bxa4 Qc5 39. Qe4 Qb4 40. Qf5+
Ke7 41. Qe5+ Kf7 42. Qf5+ Ke7 1/2-1/2

[Event "39th Olympiad Women"]
[Site "Khanty-Mansiysk RUS"]
[Date "2010.09.24"]
[Round "4"]
[White "Nikolova, Adriana"]
[Black "Karavade, Eesha"]
[Result "1/2-1/2"]
[WhiteTitle "WIM"]
[BlackTitle "IM"]
[WhiteElo "2295"]
[BlackElo "2365"]
[Board "4.3"]
[WhiteTeam "BUL"]
[BlackTeam "IND"]
[WhiteFideId "2908689"]
[BlackFideId "5012600"]
[EventDate "2010.09.21"]
[EventType "team"]

1. e4 e5 2. Nf3 Nc6 3. Bb5 Nf6 4. O-O Nxe4 5. d4 Nd6 6. Bxc6 dxc6 7. dxe5 Nf5 8.
Qxd8+ Kxd8 9. Nc3 Ke8 10. h3 b6 11. b3 Ba6 12. Re1 Bb4 13. Bb2 Bc8 14. a3 Bxc3
15. Bxc3 Be6 16. Ng5 h6 17. Ne4 Ne7 18. f3 a5 19. b4 axb4 20. axb4 Rxa1 21. Rxa1
Kd7 22. g4 Ng6 23. Ng3 Nf4 24. Bd2 Nxh3+ 25. Kg2 Ng5 26. Nh5 Rg8 27. Kg3 Bd5 28.
Bxg5 hxg5 29. Ra3 Ke6 30. Re3 g6 31. Nf6 Rh8 32. Kg2 Ra8 33. c3 Rh8 34. Re1 Rh4
35. Kg3 Rh8 36. Kg2 Rh4 37. Kg3 Rh8 38. Kg2 Rh4 1/2-1/2

[Event "39th Olympiad Women"]
[Site "Khanty-Mansiysk RUS"]
[Date "2010.09.24"]
[Round "4"]
[White "Wang, Yu A."]
[Black "Eric, Jovana"]
[Result "1-0"]
[WhiteTitle "IM"]
[BlackTitle "WIM"]
[WhiteElo "2394"]
[BlackElo "2218"]
[Board "5.4"]
[WhiteTeam "CHN"]
[BlackTeam "SRB"]
[WhiteFideId "8601097"]
[BlackFideId "938238"]
[EventDate "2010.09.21"]
[EventType "team"]

1. e4 c5 2. Nf3 d6 3. d4 cxd4 4. Qxd4 a6 5. c4 Nc6 6. Qe3 g6 7. h3 Bg7 8. Be2
Nf6 9. O-O O-O 10. Nc3 Nd7 11. b3 Rb8 12. Rb1 Qa5 13. Bb2 b5 14. cxb5 axb5 15.
Rfc1 b4 16. Nd5 Bxb2 17. Rxb2 e6 18. Rxc6 exd5 19. Rxd6 dxe4 20. Qxe4 Bb7 21.
Qd4 Nc5 22. Ng5 Rbe8 23. Qh4 h5 24. Qd4 Ba6 25. Bxa6 Nxa6 26. Ne4 Re5 27. Nf6+
Kh8 28. Nd7 1-0

[Event "39th Olympiad Women"]
[Site "Khanty-Mansiysk RUS"]
[Date "2010.09.24"]
[Round "4"]
[White "Paehtz, Elisabeth"]
[Black "Muzychuk, Anna"]
[Result "1/2-1/2"]
[WhiteTitle "IM"]
[BlackTitle "IM"]
[WhiteElo "2467"]
[BlackElo "2535"]
[Board "6.1"]
[WhiteTeam "GER"]
[BlackTeam "SLO"]
[WhiteFideId "4641833"]
[BlackFideId "14111330"]
[EventDate "2010.09.21"]
[EventType "team"]

1. e4 c5 2. c3 d5 3. exd5 Qxd5 4. d4 Nf6 5. Nf3 e6 6. Na3 a6 7. Nc4 Nbd7 8. Ne3
Qc6 9. Be2 Be7 10. O-O O-O 11. Nc4 b5 12. Nce5 Nxe5 13. Nxe5 Qb6 14. Bf3 Bb7 15.
Bxb7 Qxb7 16. dxc5 Bxc5 17. Qe2 h6 18. Nd3 1/2-1/2

[Event "39th Olympiad Women"]
[Site "Khanty-Mansiysk RUS"]
[Date "2010.09.24"]
[Round "4"]
[White "Ohme, Melanie"]
[Black "Rozic, Vesna"]
[Result "0-1"]
[WhiteTitle "WIM"]
[BlackTitle "WIM"]
[WhiteElo "2311"]
[BlackElo "2289"]
[Board "6.3"]
[WhiteTeam "GER"]
[BlackTeam "SLO"]
[WhiteFideId "4690745"]
[BlackFideId "14604000"]
[EventDate "2010.09.21"]
[EventType "team"]

1. e4 e6 2. d4 d5 3. Nc3 Nf6 4. e5 Nfd7 5. f4 c5 6. Nf3 Nc6 7. Be3 Be7 8. Qd2
O-O 9. dxc5 Bxc5 10. O-O-O Qa5 11. Bxc5 Nxc5 12. h4 Bd7 13. Kb1 Rfd8 14. h5 Be8
15. Nd4 Nxd4 16. Qxd4 Ne4 17. Rd3 Nxc3+ 18. Rxc3 Rac8 19. Rhh3 Bb5 20. Bxb5 Qxb5
21. Rhd3 Rxc3 22. Qxc3 h6 23. g4 a6 24. b3 Qd7 25. g5 Rc8 26. Qd2 hxg5 27. fxg5
Qc7 28. Qh2 a5 29. a4 b5 30. axb5 a4 31. h6 a3 32. hxg7 Kxg7 33. Rh3 Rg8 34. g6
Kf8 35. Qf4 a2+ 36. Ka1 Rxg6 37. Qb4+ Kg7 38. Rc3 Qxe5 39. Kxa2 Rg1 40. b6 Qe1
41. Qd4+ e5 42. Qxg1+ Qxg1 43. Rc6 e4 0-1

[Event "39th Olympiad Women"]
[Site "Khanty-Mansiysk RUS"]
[Date "2010.09.24"]
[Round "4"]
[White "Bajt, Indira"]
[Black "Fuchs, Judith"]
[Result "0-1"]
[WhiteTitle "WFM"]
[BlackTitle "WIM"]
[WhiteElo "2204"]
[BlackElo "2237"]
[Board "6.4"]
[WhiteTeam "SLO"]
[BlackTeam "GER"]
[WhiteFideId "13701010"]
[BlackFideId "24605611"]
[EventDate "2010.09.21"]
[EventType "team"]

1. e4 c6 2. d4 d5 3. e5 c5 4. dxc5 Nc6 5. Nf3 Bg4 6. Bb5 Qa5+ 7. Nc3 e6 8. Be3
Ne7 9. a3 Ng6 10. Qd4 Bxf3 11. gxf3 Be7 12. h4 h5 13. O-O-O Rc8 14. f4 O-O 15.
Bxc6 Rxc6 16. Qb4 Qa6 17. Qb5 Qxb5 18. Nxb5 Bxc5 19. Bxc5 Rxc5 20. Nd6 Nxf4 21.
Nxb7 Rc6 22. Na5 Rc7 23. Nb3 Rfc8 24. Rd2 Rc4 25. c3 Ng6 26. Re2 Rxh4 27. Rxh4
Nxh4 28. Nd4 Ng6 29. Kd2 Kf8 30. Re3 Ke7 31. b4 Kd7 32. b5 h4 33. Ne2 Rh8 34.
Ng1 Rh5 35. Nf3 h3 36. Re1 Kc7 37. Kd3 Rf5 38. Nd4 Nxe5+ 39. Ke2 Rf4 40. Rh1 Rh4
41. f3 Kb6 42. a4 Rh8 43. Kf2 h2 44. Kg3 Nd3 45. Kg2 Nc5 46. a5+ Kxa5 47. Ra1+
Kb6 48. Kh1 Rh3 49. Ra2 g6 50. Re2 Nd3 51. Ra2 Kc5 52. Rd2 Kc4 53. Nc6 Kxb5 54.
Nxa7+ Kc4 55. Nb5 Rxf3 0-1

[Event "39th Olympiad Women"]
[Site "Khanty-Mansiysk RUS"]
[Date "2010.09.24"]
[Round "4"]
[White "L'Ami, Alina"]
[Black "Vega Gutierrez, Belinda"]
[Result "1-0"]
[WhiteTitle "WGM"]
[BlackTitle "WFM"]
[WhiteElo "2339"]
[BlackElo "2233"]
[Board "7.3"]
[WhiteTeam "ROU"]
[BlackTeam "ESP"]
[WhiteFideId "1210246"]
[BlackFideId "2229994"]
[EventDate "2010.09.21"]
[EventType "team"]

1. d4 d6 2. c4 e5 3. Nf3 e4 4. Ng5 f5 5. Nc3 c6 6. d5 Be7 7. Nh3 Nd7 8. g3 Ngf6
9. Bg2 O-O 10. O-O Nb6 11. b3 cxd5 12. cxd5 Bd7 13. Bb2 Rc8 14. Qd2 Na8 15. f3
b5 16. fxe4 b4 17. Nd1 Nxe4 18. Qxb4 a5 19. Qd4 Bf6 20. Qe3 Nb6 21. Bxe4 fxe4
22. Nf4 Rc2 23. Bxf6 Qxf6 24. Nf2 g5 25. Nxe4 Qe5 26. Nd3 Qe7 27. Nf6+ 1-0